| 000 | 00615nam a22002057a 4500 | ||
|---|---|---|---|
| 005 | 20251108164235.0 | ||
| 008 | 250721s1981 xx 000 0 ara d | ||
| 082 | 1 | 4 | _a791.4309564/غني |
| 100 | 1 | _aأبو غنيمه، حسان | |
| 245 | 1 | 0 |
_aفلسطين و العين السينمائية : _bدراسة / |
| 264 | 1 |
_aدمشق : _bإتحاد الكتاب العرب، _c1981. |
|
| 300 | _a440ص | ||
| 650 | 1 | 7 | _aالسينما |
| 650 | 1 | 7 | _aفلسطين |
| 650 | 1 | 7 | _aالصهيونية |
| 650 | 1 | 7 | _aالأعمال السينمائية |
| 650 | 1 | 7 | _aالأفلام |
| 942 |
_2ddc _cBK |
||
| 999 |
_c7206 _d7206 |
||